000 00637nam a2200205 a 4500
001 11833
003 CO-ViMGA
008 141112s2004 ck r 000 u spa d
020 _a9588156237
040 _aCO-ViMGA
_bspa
_cCO-ViMGA
082 0 4 _a928.6 G171m
100 1 _aGarces Gonzáles, Jose Luis
_916597
245 1 0 _aMANUEL ZAPATA OLIVELLA, caminante de la literatura y de la historia
260 _aBtá,
_cMinisterio de cultura,
_c2002
300 _a156.p.
490 _aPremios departamentales de cultura
650 1 4 _aENTREVISTAS
_96134
650 1 4 _aZAPATA OLIVELLA, MANUEL - CRITICA E INTERPRETACION
_916598
942 _2ddc
_cBK
999 _c22955
_d22955